000 00632nam a2200217Ii 4500
001 9180
003 CO-ViMGA
008 241108s9999||||xx |||||||||||||| ||und||
020 _a9586145077
040 _aCO-ViMGA
_bspa
_erda
_cCO-ViMGA
041 0 _aunk
082 0 4 _a741.59861 V51v
100 1 _aVladdo
_97996
245 1 0 _aVladdo grafias:
_bDiez años de caricaturas
264 1 _a[Lugar de publicación no identificado] : Planeta, 1996
300 _avolumen
336 _atext
_btxt
_2rdacontent
337 _aunmediated
_bn
_2rdamedia
338 _avolume
_bnc
_2rdacarrier
940 _aidficha_siabuc: 8976. -- ficha_no_siabuc:9180
999 _c55561
_d55561